Từ điển thuật ngữ Tai - Mũi - Họng Pháp - Anh - Việt, Anh - Pháp - Việt, Việt - Anh - Pháp

Cuốn "Từ điển thuật ngữ Tai Mũi Họng" với 3 phần: Từ điển thuật ngữ giải thích Pháp - Anh - Việt với hơn 6.300 từ, thuật ngữ Tai Mũi Họng và liên quan, trong đó trên 2/3 số từ được giải thích; Từ điển thuật ngữ Anh - Pháp - Viẹ...

সম্পূর্ণ বিবরণ

সংরক্ষণ করুন:
গ্রন্থ-পঞ্জীর বিবরন
প্রধান লেখক: Ngô Ngọc Liễn
বিন্যাস: গ্রন্থ
ভাষা:Vietnamese
প্রকাশিত: H. Y học 2009
বিষয়গুলি:
ট্যাগগুলো: ট্যাগ যুক্ত করুন
কোনো ট্যাগ নেই, প্রথমজন হিসাবে ট্যাগ করুন!
Thư viện lưu trữ: Thư viện Trường Đại học Nam Cần Thơ
LEADER 01992nam a22002417a 4500
001 NCT_60553
008 190223b xxu||||| |||| 00| 0 vie d
999 |c 2936  |d 2936 
020 |c 310000 
082 0 4 |2 23rd ed.  |a 617.51  |b L305 
100 1 |a Ngô Ngọc Liễn 
245 1 0 |a Từ điển thuật ngữ Tai - Mũi - Họng Pháp - Anh - Việt, Anh - Pháp - Việt, Việt - Anh - Pháp  |c Ngô Ngọc Liễn 
260 |a H.  |b Y học  |c 2009 
300 |a 1193 tr.  |c 24cm 
520 3 |a Cuốn "Từ điển thuật ngữ Tai Mũi Họng" với 3 phần: Từ điển thuật ngữ giải thích Pháp - Anh - Việt với hơn 6.300 từ, thuật ngữ Tai Mũi Họng và liên quan, trong đó trên 2/3 số từ được giải thích; Từ điển thuật ngữ Anh - Pháp - Việt và Việt - Anh - Pháp nhằm giúp cho dễ dàng tra cứu, đồng thời cũng được sử dụng để ôn, nhớ lại, học thêm các kiến thức cơ bản, thường gặp trong Tai Mũi Họng. 
653 |a Y Đa khoa 
942 |2 ddc  |c BK 
952 |0 0  |1 0  |2 ddc  |4 0  |6 617_510000000000000_L305  |7 0  |9 15834  |a 000001  |b 000001  |d 2019-02-23  |o 617.51 L305  |p MD.14550  |r 2019-02-23  |v 310000.00  |w 2019-02-23  |y BK 
952 |0 0  |1 0  |2 ddc  |4 0  |6 617_510000000000000_L305  |7 0  |9 15835  |a 000001  |b 000001  |d 2019-02-23  |o 617.51 L305  |p MD.14551  |r 2019-02-23  |v 310000.00  |w 2019-02-23  |y BK 
952 |0 0  |1 0  |2 ddc  |4 0  |6 617_510000000000000_L305  |7 0  |9 15836  |a 000001  |b 000001  |d 2019-02-23  |o 617.51 L305  |p MD.14552  |r 2019-02-23  |v 310000.00  |w 2019-02-23  |y BK 
952 |0 0  |1 0  |2 ddc  |4 0  |6 617_510000000000000_L305  |7 0  |9 15837  |a 000001  |b 000001  |d 2019-02-23  |o 617.51 L305  |p MD.14553  |r 2019-02-23  |v 310000.00  |w 2019-02-23  |y BK 
952 |0 0  |1 0  |2 ddc  |4 0  |6 617_510000000000000_L305  |7 0  |9 15838  |a 000001  |b 000001  |d 2019-02-23  |o 617.51 L305  |p MD.14554  |r 2019-02-23  |v 310000.00  |w 2019-02-23  |y BK 
980 |a Thư viện Trường Đại học Nam Cần Thơ